| 000 | 01054nam0a2200337 4500 | ||
|---|---|---|---|
| 001 | RU\NLR\bibl\734444 | ||
| 005 | 20250614000954.0 | ||
| 010 |
_a5-8405-0709-1 _bв пер. _910000 |
||
| 021 |
_aRU _b2004-57651 _92837 |
||
| 035 | _aRSL-KNO-002479004 | ||
| 035 | _a(NLR Aleph) 000724376 | ||
| 090 |
_a723051 _c723051 |
||
| 100 | _a20040921d2004 |||y0rusy50 ca | ||
| 101 | 1 |
_arus _ceng |
|
| 102 | _aRU | ||
| 105 | _aa ||||||||| | ||
| 106 | _ar | ||
| 200 | 1 |
_aЦарство животных _iБурые медведи _g[пер. с англ. О. В. Ивановой] |
|
| 210 |
_aМ. _cМир книги _d2004 _gАООТ Твер. полигр. комб. |
||
| 215 |
_a28 с. _cцв ил. _d24 |
||
| 225 | 1 | _aЦарство животных | |
| 610 | 0 | _aДетская литература | |
| 686 |
_aШ9:Е693.36(2) _2rubbk |
||
| 686 |
_aШ9 _bЕ6 |
||
| 801 | 0 |
_aRU _bRuMoRKP _c20040921 _grcr |
|
| 801 | 1 |
_aRU _bRuMoRGB _c20040921 |
|
| 801 | 2 |
_aRU _bNLR _c20050312 _gPSBO |
|
| 942 | _cBOOK | ||
| 980 | _aNB | ||